00265nam a2200109Ia 4500008004100000100002100041245002300062250000800085260003600093300000800129650001800137191201s2006 xx 000 0 und d aMARKHAM, Calvert 4aThe Top Consultant a4th aN.DelhibKogan Page Indiac2006 a222 aGeneral Books